Powiaty graniczące z województwem zachodniopomorskim - Statystyki

Ogólne statystyki
  • Ten quiz został rozwiązany 23 razy
  • Średni wynik to 6 z 8
Odpowiedzi na mapie
Odpowiedzi zakodowano w zielono-czerwonej skali na mapie do tego quizu, zgodnie z poniższymi procentami.
 
Statystyki odpowiedzi
Województwo Powiat % Poprawnych
Wielkopolskie Pilski
95%
Pomorskie Słupski
95%
Pomorskie Człuchowski
86%
Lubuskie Gorzowski
82%
Pomorskie Bytowski
77%
Wielkopolskie Złotowski
77%
Lubuskie Strzelecko-drezdenecki
64%
Wielkopolskie Czarnkowsko-trzcianecki
55%
Nie znaleziono quizów pasujących do podanych kryteriów
Rozkład punktacji
Procent ludzi z każdym wynikiem
Percentyl według liczby udzielonych odpowiedzi
Twoja historia wyników
Nie rozwiązałeś tego quizu